The second Afghan war, 1878-79-80; (Record no. 552692)
[ view plain ]
| 000 -LEADER | |
|---|---|
| fixed length control field | 00523cam a2200157u 4500 |
| 082 ## - DEWEY DECIMAL CLASSIFICATION NUMBER | |
| Classification number | 158.103 |
| Author Mark | HAN |
| 100 1# - MAIN ENTRY--PERSONAL NAME | |
| Personal name | Hanna, Henry Bathurst, |
| 9 (RLIN) | 49947 |
| 245 04 - TITLE STATEMENT | |
| Title | The second Afghan war, 1878-79-80; |
| Remainder of title | its causes, its conduct and its consequences, |
| 260 ## - PUBLICATION, DISTRIBUTION, ETC. | |
| Place of publication, distribution, etc. | Westminster, |
| Name of publisher, distributor, etc. | A. Constable & co., ltd., |
| Date of publication, distribution, etc. | 1899-1904. |
| 300 ## - PHYSICAL DESCRIPTION | |
| Extent | 2 v. |
| Other physical details | fold. maps. |
| Dimensions | 23 cm. |
| 526 ## - STUDY PROGRAM INFORMATION NOTE | |
| Program name | 0 |
| Interest level | 0 |
| Reading level | 0 |
| Title point value | 158_103000000000000_HAN |
| 526 ## - STUDY PROGRAM INFORMATION NOTE | |
| Program name | 0 |
| Interest level | 0 |
| Reading level | 0 |
| Title point value | 158_103000000000000_HAN |
| 650 #0 - SUBJECT ADDED ENTRY--TOPICAL TERM | |
| Topical term or geographic name entry element | Afghan Wars. |
| 9 (RLIN) | 46679 |
| 650 #0 - SUBJECT ADDED ENTRY--TOPICAL TERM | |
| Topical term following geographic name entry element | MCE |
| 9 (RLIN) | 379 |
| 942 ## - ADDED ENTRY ELEMENTS (KOHA) | |
| Source of classification or shelving scheme | |
| Koha item type | Book |
| Withdrawn status | Lost status | Source of classification or shelving scheme | Damaged status | Not for loan | Permanent Location | Current Location | Shelving location | Date acquired | Total Checkouts | Full call number | Barcode | Date last seen | Price effective from | Koha item type |
|---|---|---|---|---|---|---|---|---|---|---|---|---|---|---|
| Military College of Engineering (MCE) | Military College of Engineering (MCE) | 01/21/2015 | 158.103 HAN | MCE-ECS /91 | 01/21/2015 | 03/14/2021 | Book | |||||||
| Military College of Engineering (MCE) | Military College of Engineering (MCE) | 01/21/2015 | 158.103 HAN | MCE-ECS/90 | 01/21/2015 | 03/14/2021 | Book |
